[Event "40th ECC Open 2025"]
[Site "Rhodes GRE"]
[Date "2025.10.25"]
[Round "7.141"]
[White "Bashylina, Luisa"]
[Black "Stork, Oliver"]
[Result "0-1"]
[WhiteTitle "WFM"]
[BlackTitle "FM"]
[WhiteElo "2155"]
[BlackElo "2365"]
[WhiteTeam "Schachgesellschaft Solingen"]
[BlackTeam "De Sprenger Echternach"]
[WhiteFideId "12983292"]
[BlackFideId "12955728"]
[EventDate "2025.10.19"]

1. d4 d5 2. c4 dxc4 3. Nf3 Nf6 4. e3 Bg4 5. Bxc4 e6 6. Nc3 Nbd7 7. h3 Bh5 8. g4
Bg6 9. Nh4 Bb4 10. Nxg6 hxg6 11. Bf1 c6 12. Bg2 e5 13. O-O O-O 14. Ne2 Re8 15.
Qc2 Qb6 16. b3 a5 17. Bb2 exd4 18. Nxd4 a4 19. a3 axb3 20. Nxb3 Bf8 21. Rfd1 Qb5
22. Nd4 Qc5 23. Qb3 Qa7 24. a4 Nc5 25. Qc2 Nxa4 26. Nxc6 Qc5 27. Qxc5 Bxc5 28.
Bxf6 gxf6 29. Nd4 Nc3 30. Rxa8 Rxa8 31. Rd2 Ra1+ 32. Kh2 Bd6+ 33. f4 b5 34. Nb3
Ra6 35. Kg3 b4 36. h4 Bf8 37. Rd8 Ra3 38. Nc5 b3 39. Nd3 Nd1 40. Rb8 Nxe3 41.
Nc1 b2 42. Rxb2 Nxg4+ 43. Rb3 f5 44. Rxa3 Bxa3 45. Nd3 Nf6 46. Bf3 Bd6 47. Bd1
Kg7 48. Kg2 Nd5 49. Kf3 Nc7 50. Ke3 Kh6 51. Ne5 Bxe5 52. fxe5 Ne6 53. Bf3 Kg7
54. Kd3 Kf8 55. Ke3 Ke7 56. Bc6 Nc7 57. Kd4 Ke6 58. Ba4 Na6 59. Bb3+ Ke7 60. Kd5
Nb4+ 61. Kd4 Nc6+ 62. Kd5 Nd8 63. Kd4 Ne6+ 64. Ke3 f4+ 65. Kf2 Nd4 66. Bd5 Kf8
67. Be4 Kg7 68. Bd5 f6 69. exf6+ Kxf6 70. Bc4 Nf5 71. Kf3 Ke5 72. Bf7 Nxh4+ 73.
Kg4 Kf6 74. Bd5 g5 75. Bb7 Nf5 76. Bc8 Ne3+ 77. Kf3 Ke5 78. Bb7 g4+ 79. Kf2 Nf5
80. Bc6 Kf6 81. Bb7 Nd4 82. Bd5 Kg5 83. Bb7 Kh4 0-1

[Event "40th ECC Open 2025"]
[Site "Rhodes GRE"]
[Date "2025.10.25"]
[Round "7.142"]
[White "Hammes, Michael"]
[Black "Berg, Michael"]
[Result "1-0"]
[WhiteTitle "IM"]
[BlackTitle "FM"]
[WhiteElo "2296"]
[BlackElo "2272"]
[WhiteTeam "De Sprenger Echternach"]
[BlackTeam "Schachgesellschaft Solingen"]
[WhiteFideId "4619358"]
[BlackFideId "4605330"]
[EventDate "2025.10.19"]

1. d4 Nf6 2. Nf3 d5 3. c4 e6 4. Nc3 Nbd7 5. cxd5 exd5 6. Bg5 Bb4 7. e3 c5 8. Bd3
Qa5 9. Qc2 c4 10. Bf5 O-O 11. O-O Re8 12. Nd2 g6 13. Bh3 Kg7 14. Rae1 Ne4 15.
Ndxe4 dxe4 16. Bxd7 Bxd7 17. Bf4 Bf5 18. d5 Rad8 19. Rd1 Bxc3 20. Qxc3+ Qxc3 21.
bxc3 Bd7 22. Rd4 Rc8 23. f3 f5 24. Kf2 h6 25. h4 b5 26. a3 Rcd8 27. Kg3 Bc8 28.
fxe4 fxe4 29. a4 bxa4 30. Ra1 Bb7 31. Rxa4 Bxd5 32. Rxa7+ Bf7 33. Rxc4 Rc8 34.
Bxh6+ Kg8 35. Rb4 Re5 36. Bf4 Rf5 37. Rxe4 Bd5 38. Ree7 Rxc3 39. Rg7+ Kf8 40.
Rgd7 1-0

[Event "40th ECC Open 2025"]
[Site "Rhodes GRE"]
[Date "2025.10.25"]
[Round "7.143"]
[White "Maenken, Merlin"]
[Black "Carafizi, Vasile"]
[Result "1-0"]
[BlackTitle "FM"]
[WhiteElo "2165"]
[BlackElo "2134"]
[WhiteTeam "Schachgesellschaft Solingen"]
[BlackTeam "De Sprenger Echternach"]
[WhiteFideId "34618961"]
[BlackFideId "4002539"]
[EventDate "2025.10.19"]

1. d4 d5 2. c4 e6 3. Nc3 Nf6 4. cxd5 exd5 5. Bg5 Be7 6. e3 c6 7. Bd3 O-O 8. Nge2
h6 9. Bh4 Re8 10. O-O Nh5 11. Bxe7 Qxe7 12. Qc2 Nf6 13. Rab1 Nbd7 14. b4 a5 15.
b5 c5 16. Nf4 Qd6 17. dxc5 Nxc5 18. Rfd1 Nxd3 19. Qxd3 Bg4 20. Rd2 Qe5 21. Qd4
Ne4 22. Qxe5 Rxe5 23. Nxe4 dxe4 24. h3 Bf5 25. g4 g5 26. Nd5 Be6 27. Nb6 Re8 28.
a4 Kg7 29. Rc1 h5 30. Nd7 Rd8 31. Rc7 hxg4 32. hxg4 Rd5 33. Rxd5 Bxd5 34. Nc5 b6
35. Rd7 Rxd7 36. Nxd7 Bb3 37. Nxb6 Kg6 38. Nd7 Bd5 39. b6 Bc6 40. Nc5 1-0

[Event "40th ECC Open 2025"]
[Site "Rhodes GRE"]
[Date "2025.10.25"]
[Round "7.144"]
[White "Gnichtel, Gerd"]
[Black "Kniest, Oliver"]
[Result "0-1"]
[BlackTitle "FM"]
[WhiteElo "2130"]
[BlackElo "2170"]
[WhiteTeam "De Sprenger Echternach"]
[BlackTeam "Schachgesellschaft Solingen"]
[WhiteFideId "4637127"]
[BlackFideId "4620887"]
[EventDate "2025.10.19"]

1. d4 Nf6 2. c4 e6 3. Nf3 Bb4+ 4. Bd2 a5 5. Nc3 b6 6. g3 Ba6 7. b3 d5 8. e3 O-O
9. Qc2 Bb7 10. Bg2 Nbd7 11. O-O Re8 12. Nb1 c5 13. a3 Bxd2 14. Nbxd2 cxd4 15.
Nxd4 Rc8 16. Qb2 Ba6 17. Rfc1 Nc5 18. Bf1 dxc4 19. Nxc4 b5 20. Nd2 Qd5 21. Bg2
Qd7 22. Bf1 e5 23. N4f3 Nd3 24. Bxd3 Qxd3 25. Nxe5 Qf5 26. f4 Bb7 27. Ndf3 Qh5
28. Rf1 Nd5 29. Rae1 f6 30. e4 fxe5 31. exd5 exf4 32. Ne5 fxg3 33. hxg3 Bxd5 0-1

[Event "40th ECC Open 2025"]
[Site "Rhodes GRE"]
[Date "2025.10.25"]
[Round "7.145"]
[White "Pantzar, Milton"]
[Black "Ledger, Andrew J"]
[Result "1-0"]
[WhiteTitle "IM"]
[BlackTitle "IM"]
[WhiteElo "2433"]
[BlackElo "2308"]
[WhiteTeam "Lunds ASK"]
[BlackTeam "Blackthorne"]
[WhiteFideId "1721003"]
[BlackFideId "400610"]
[EventDate "2025.10.19"]

1. d4 Nf6 2. c4 e6 3. Nf3 Bb4+ 4. Nbd2 d6 5. a3 Bxd2+ 6. Qxd2 Nbd7 7. e3 e5 8.
Qc2 Qe7 9. Be2 O-O 10. O-O Re8 11. b4 e4 12. Nd2 d5 13. b5 Nf8 14. cxd5 Nxd5 15.
Nc4 Bf5 16. Ne5 Rad8 17. Bd2 Qg5 18. Kh1 Re6 19. g4 Bg6 20. Qa2 Nf6 21. Rg1 N8d7
22. Nxg6 hxg6 23. Rac1 Rc8 24. a4 c5 25. Rg3 b6 26. Kg2 Rd8 27. h4 Qxh4 28. g5
Nh5 29. Rg4 1-0

[Event "40th ECC Open 2025"]
[Site "Rhodes GRE"]
[Date "2025.10.25"]
[Round "7.146"]
[White "Bates, Richard A"]
[Black "Sjodahl, Pontus"]
[Result "1-0"]
[WhiteTitle "IM"]
[BlackTitle "IM"]
[WhiteElo "2282"]
[BlackElo "2431"]
[WhiteTeam "Blackthorne"]
[BlackTeam "Lunds ASK"]
[WhiteFideId "403555"]
[BlackFideId "1700537"]
[EventDate "2025.10.19"]

1. d4 Nf6 2. Nf3 d5 3. c4 e6 4. g3 Be7 5. Bg2 O-O 6. O-O dxc4 7. Qc2 a6 8. a4
Bd7 9. Qxc4 Bc6 10. Bg5 Nbd7 11. Nc3 h6 12. Bxf6 Nxf6 13. Rfe1 Bd5 14. Qd3 c5
15. e4 Bc6 16. d5 exd5 17. exd5 Be8 18. Ne5 Bd6 19. Nc4 Qc7 20. a5 Bd7 21. Re2
Rfe8 22. Rae1 Rxe2 23. Rxe2 Re8 24. Bf3 Rxe2 25. Qxe2 Kf8 26. Kg2 Ne8 27. Nb6
Nf6 28. Nc4 Be8 29. h4 Qe7 30. Qd3 Bd7 31. Ne3 Kg8 32. Ne4 Nxe4 33. Qxe4 Qd8 34.
Nc4 Bb5 35. Nb6 Bc7 36. d6 Bxd6 37. Qxb7 Be5 38. Bd5 Qe8 39. Nc4 Bxc4 40. Bxc4
Bd4 41. Bxa6 Qe6 42. b3 Qf5 43. Qa8+ Kh7 44. Qf3 Qxf3+ 45. Kxf3 c4 46. Bxc4 f5
47. Bf7 g5 48. hxg5 hxg5 49. Ke2 Kg7 50. Bd5 f4 51. gxf4 gxf4 52. f3 Kf6 53. Kd3
Ke5 54. Kc4 Be3 55. b4 Kd6 56. Be4 Bf2 57. Kb5 Be1 58. Kb6 1-0

[Event "40th ECC Open 2025"]
[Site "Rhodes GRE"]
[Date "2025.10.25"]
[Round "7.147"]
[White "Ahlander, Bjorn"]
[Black "Webb, Laurence E"]
[Result "1/2-1/2"]
[WhiteTitle "IM"]
[BlackTitle "FM"]
[WhiteElo "2382"]
[BlackElo "2170"]
[WhiteTeam "Lunds ASK"]
[BlackTeam "Blackthorne"]
[WhiteFideId "1700251"]
[BlackFideId "402389"]
[EventDate "2025.10.19"]

1. d4 Nf6 2. c4 e6 3. Nf3 Bb4+ 4. Nbd2 O-O 5. g3 d5 6. Bg2 b6 7. O-O Bb7 8. cxd5
exd5 9. Ne5 Nbd7 10. Ndf3 Ne4 11. Bf4 Ndf6 12. Rc1 Bd6 13. Ne1 h6 14. N1d3 c5
15. Nf3 c4 16. Bxd6 Qxd6 17. Nde5 b5 18. Nh4 Qe6 19. e3 a5 20. f3 Nd6 21. f4 b4
22. g4 Nfe4 23. Bh3 c3 24. bxc3 Nxc3 25. Qf3 Qe7 26. g5 hxg5 27. Nf5 Nxf5 28.
Bxf5 Bc8 29. Bc2 g4 30. Qg2 Ra6 31. a3 Qh4 32. f5 Qh3 33. Qf2 Re8 34. Bd3 f6 35.
Ng6 Ra8 36. Rfe1 Ba6 37. Nf4 Qf3 38. Qxf3 gxf3 39. Kf2 Bxd3 40. Nxd3 Ne4+ 41.
Kxf3 bxa3 42. Re2 Nd6 43. Rc3 Nxf5 44. Nf4 Rad8 45. Rxa3 g5 46. Nh5 Kf7 47. Rxa5
Kg6 48. Ng3 Nh4+ 49. Kf2 Rd6 50. Ra7 Nf5 51. Kf3 Rh8 52. Nxf5 Kxf5 53. Re7 Rh4
54. Rf2 Kg6 55. Kg3 Re4 56. Rxe4 dxe4 57. h4 f5 1/2-1/2

[Event "40th ECC Open 2025"]
[Site "Rhodes GRE"]
[Date "2025.10.25"]
[Round "7.148"]
[White "Ledger, Dave J"]
[Black "Dragicevic, Drazen"]
[Result "0-1"]
[WhiteTitle "FM"]
[BlackTitle "FM"]
[WhiteElo "2138"]
[BlackElo "2334"]
[WhiteTeam "Blackthorne"]
[BlackTeam "Lunds ASK"]
[WhiteFideId "401986"]
[BlackFideId "1707922"]
[EventDate "2025.10.19"]

1. e4 c6 2. d4 d5 3. e5 c5 4. dxc5 e6 5. a3 Bxc5 6. b4 Be7 7. Nf3 a5 8. b5 Nd7
9. Bd3 f6 10. Bb2 Nh6 11. Qe2 Nf7 12. exf6 gxf6 13. c4 Nc5 14. Nc3 d4 15. Ne4
Nxd3+ 16. Qxd3 e5 17. Ng3 Be6 18. O-O Qd7 19. Rfe1 h5 20. Nh4 Nd6 21. Rac1 Rc8
22. Ng6 Rh6 23. Nxe7 Kxe7 24. f4 Nxc4 25. fxe5 fxe5 26. Rxc4 Bxc4 27. Rxe5+ Re6
28. Qh7+ Kd8 29. Qh8+ Kc7 30. Qxh5 Kb8 31. Ne4 Qe8 32. Nc5 Qxh5 33. Rxh5 Re1+ 0-1

[Event "40th ECC Open 2025"]
[Site "Rhodes GRE"]
[Date "2025.10.25"]
[Round "7.149"]
[White "Olsson, Linus"]
[Black "Duncan, Chris R"]
[Result "0-1"]
[WhiteTitle "FM"]
[BlackTitle "FM"]
[WhiteElo "2166"]
[BlackElo "2183"]
[WhiteTeam "Lunds ASK"]
[BlackTeam "Blackthorne"]
[WhiteFideId "1706098"]
[BlackFideId "403091"]
[EventDate "2025.10.19"]

1. d4 d5 2. c4 e6 3. Nf3 a6 4. g3 dxc4 5. Bg2 Nc6 6. O-O Rb8 7. e4 Nf6 8. Nc3
Be7 9. d5 exd5 10. exd5 Nb4 11. Ne5 Bf5 12. Bg5 O-O 13. Qf3 Bg6 14. Rad1 Bh5 15.
g4 Nxg4 16. Bxe7 Nxe5 17. Qxh5 Qxe7 18. Rfe1 Nbd3 19. Rxd3 Nf3+ 20. Rxf3 Qxe1+
21. Bf1 Rbe8 22. Rg3 f5 23. Qg5 Rf7 24. d6 cxd6 25. Nd5 Kh8 26. Re3 Rxe3 27.
fxe3 Qa5 28. Bxc4 Rf8 29. Qh4 Qd8 30. Ne7 Rf6 31. Nxf5 Rg6+ 32. Kf2 Qxh4+ 33.
Nxh4 Rg4 0-1

[Event "40th ECC Open 2025"]
[Site "Rhodes GRE"]
[Date "2025.10.25"]
[Round "7.150"]
[White "Ledger, Stephen C"]
[Black "Sigeman, Johan"]
[Result "1/2-1/2"]
[WhiteTitle "CM"]
[WhiteElo "2030"]
[BlackElo "2065"]
[WhiteTeam "Blackthorne"]
[BlackTeam "Lunds ASK"]
[WhiteFideId "404470"]
[BlackFideId "1705601"]
[EventDate "2025.10.19"]

1. b3 e5 2. Bb2 Nc6 3. e3 Nf6 4. Nf3 d6 5. Bb5 Bg4 6. h3 Bd7 7. O-O Be7 8. d4 e4
9. Nfd2 d5 10. Be2 Nb8 11. c4 c6 12. Nc3 O-O 13. f3 exf3 14. Bxf3 Be6 15. Qe2
Na6 16. Rad1 Nc7 17. e4 Qd7 18. Qf2 Rad8 19. a3 h6 20. Ne2 Nh7 21. Nf4 Ng5 22.
exd5 cxd5 23. Nxe6 fxe6 24. Qe2 Nxf3+ 25. Nxf3 Bf6 26. Bc3 b6 27. Bb4 Rf7 28.
Rfe1 a5 29. Bc3 a4 30. Rb1 axb3 31. Rxb3 dxc4 1/2-1/2

[Event "40th ECC Open 2025"]
[Site "Rhodes GRE"]
[Date "2025.10.25"]
[Round "7.151"]
[White "Cumming, Rhys"]
[Black "Baselmans, Luuk"]
[Result "0-1"]
[WhiteTitle "FM"]
[BlackTitle "FM"]
[WhiteElo "2285"]
[BlackElo "2384"]
[WhiteTeam "Sussex Martlets"]
[BlackTeam "De Stukkenjagers"]
[WhiteFideId "470163"]
[BlackFideId "1051008"]
[EventDate "2025.10.19"]

1. e4 c5 2. Nf3 Nc6 3. Bb5 e6 4. Bxc6 bxc6 5. d3 Qc7 6. O-O e5 7. Nh4 Qd8 8. Nf5
g6 9. Ng3 Bg7 10. Nc3 d6 11. f4 exf4 12. Bxf4 Ne7 13. Qd2 h6 14. Be3 Be6 15. Kh1
Qa5 16. Rae1 Rb8 17. d4 Rxb2 18. Rb1 Rxb1 19. Rxb1 cxd4 20. Bxd4 O-O 21. Nge2
Bxd4 22. Qxd4 Nc8 23. h3 Qe5 24. Rb7 Qg5 25. Qf2 d5 26. Rc7 dxe4 27. Nxe4 Qe5
28. Qf4 Qxf4 29. Nxf4 Bxa2 30. Rxc6 Nb6 31. Rc7 Ra8 32. Rb7 Kf8 33. Nd6 g5 34.
Nd3 Bd5 35. Rc7 a5 36. c4 Be6 37. Nc5 a4 38. Nxe6+ fxe6 39. c5 Nd5 40. Rf7+ Kg8
41. Rf1 a3 42. c6 a2 43. Ra1 Kf8 44. Kh2 Ke7 45. Nb5 e5 46. c7 Kd7 47. Rc1 Nxc7
48. Rxc7+ Ke6 49. Rc6+ Kd5 0-1

[Event "40th ECC Open 2025"]
[Site "Rhodes GRE"]
[Date "2025.10.25"]
[Round "7.152"]
[White "Van Roon, Sjoerd"]
[Black "Brewer, Callum D"]
[Result "0-1"]
[WhiteTitle "FM"]
[WhiteElo "2288"]
[BlackElo "2140"]
[WhiteTeam "De Stukkenjagers"]
[BlackTeam "Sussex Martlets"]
[WhiteFideId "1051075"]
[BlackFideId "435309"]
[EventDate "2025.10.19"]

1. e4 e5 2. Nf3 Nc6 3. Bc4 Nf6 4. d3 d5 5. exd5 Nxd5 6. O-O Be7 7. Re1 f6 8. d4
Nb6 9. Bb5 O-O 10. Bxc6 bxc6 11. h3 Bd6 12. Nc3 Qe8 13. dxe5 fxe5 14. Ne4 Qg6
15. Qd3 Nd5 16. c4 Nf4 17. Bxf4 Rxf4 18. Nfd2 Bf5 19. Re2 Bc5 20. Rf1 Rf8 21.
Kh2 Bb4 22. g3 Bxd2 23. gxf4 Bxf4+ 24. Kh1 Qh5 25. Kg2 Qg6+ 26. Kh1 Qh5 27. Kg2
Bxh3+ 28. Qxh3 Qxe2 29. Qe6+ Kh8 30. Nc3 Qxb2 31. Qe7 Rg8 32. Ne4 Qe2 0-1

[Event "40th ECC Open 2025"]
[Site "Rhodes GRE"]
[Date "2025.10.25"]
[Round "7.153"]
[White "Grant, David J"]
[Black "Bijlsma, Nick"]
[Result "0-1"]
[WhiteTitle "CM"]
[BlackTitle "FM"]
[WhiteElo "2114"]
[BlackElo "2280"]
[WhiteTeam "Sussex Martlets"]
[BlackTeam "De Stukkenjagers"]
[WhiteFideId "403717"]
[BlackFideId "1007041"]
[EventDate "2025.10.19"]

1. e4 e5 2. Nf3 Nc6 3. d4 exd4 4. Nxd4 Nf6 5. Nxc6 bxc6 6. Nd2 d5 7. exd5 cxd5
8. Bb5+ Bd7 9. Bxd7+ Qxd7 10. O-O Be7 11. b3 O-O 12. Bb2 c5 13. Re1 Rfe8 14. Qf3
Rad8 15. Rad1 h6 16. h3 Nh7 17. Nc4 Ng5 18. Qg3 d4 19. h4 Ne6 20. Bc1 h5 21. Ne5
Qc7 22. Qf3 Bf6 23. Nc4 Bxh4 24. Qxh5 Bf6 25. Bd2 Qb7 26. Re2 d3 27. cxd3 Rxd3
28. Rde1 Red8 29. Ba5 R8d5 30. Nd6 Qd7 31. Nf5 g6 32. Qh6 Rxf5 33. Rxe6 fxe6 34.
Qxg6+ Kf8 35. g4 Rff3 36. g5 Qg7 0-1

[Event "40th ECC Open 2025"]
[Site "Rhodes GRE"]
[Date "2025.10.25"]
[Round "7.154"]
[White "Froeyman, Helmut"]
[Black "Graham, David B"]
[Result "1/2-1/2"]
[WhiteTitle "FM"]
[WhiteElo "2268"]
[BlackElo "2114"]
[WhiteTeam "De Stukkenjagers"]
[BlackTeam "Sussex Martlets"]
[WhiteFideId "203602"]
[BlackFideId "408131"]
[EventDate "2025.10.19"]

1. e4 c5 2. Nf3 e6 3. d4 cxd4 4. Nxd4 Nf6 5. Nc3 Nc6 6. Nxc6 bxc6 7. e5 Nd5 8.
Ne4 Bb7 9. Be2 c5 10. O-O Qc7 11. Nd6+ Bxd6 12. exd6 Qc6 13. f3 c4 14. Qd4 O-O
15. Bxc4 Qxd6 16. Rf2 Qb6 17. Qxb6 axb6 18. c3 Rfc8 19. Bd3 Ba6 20. Be4 Bc4 21.
a3 f5 22. Bc2 Ba6 23. Bb3 Bc4 24. Bc2 Ba6 25. Bd2 Ra7 26. Bb3 Bb7 27. Rd1 Bc6
28. Ba2 b5 29. Bc1 Nb6 30. Be3 Ra6 31. Bxb6 Rxb6 32. Rfd2 Kf7 33. Kf2 Ke7 34. h4
Ra6 35. Bb3 Rf8 36. Re1 h6 37. Rd4 g5 38. hxg5 hxg5 39. Rh1 Rf7 40. Rb4 Ra8 41.
Bc2 Kd6 42. Rd4+ Kc5 43. Bb3 Rg7 44. Rh5 1/2-1/2

[Event "40th ECC Open 2025"]
[Site "Rhodes GRE"]
[Date "2025.10.25"]
[Round "7.155"]
[White "Blake, J Morgan"]
[Black "Baselmans, Sam"]
[Result "0-1"]
[WhiteTitle "CM"]
[WhiteElo "2058"]
[BlackElo "2264"]
[WhiteTeam "Sussex Martlets"]
[BlackTeam "De Stukkenjagers"]
[WhiteFideId "423394"]
[BlackFideId "1048139"]
[EventDate "2025.10.19"]

1. e4 c5 2. Nf3 Nc6 3. d4 cxd4 4. Nxd4 g6 5. Nc3 Bg7 6. Be3 Nf6 7. Bc4 O-O 8. f3
Qb6 9. Bb3 Nxe4 10. Nd5 Qa5+ 11. c3 Nc5 12. Nxc6 dxc6 13. Nxe7+ Kh8 14. Nxc8
Rfxc8 15. O-O Nxb3 16. Qxb3 Qc7 17. Rad1 Kg8 18. Rd3 Be5 19. f4 Bd6 20. Rfd1 Rd8
21. R1d2 Re8 22. Rxd6 Rxe3 23. g3 Re7 24. Kg2 Rae8 25. Qc4 Qb6 26. Qd4 Qa6 27.
c4 Qxa2 28. Rd8 Qa5 29. Rxe8+ Rxe8 30. Qd7 Rf8 31. Re2 Qb4 32. Qd3 Qb6 33. h4
Rd8 34. Qe4 Qc5 35. b3 b5 36. Qe7 Qd4 37. cxb5 cxb5 38. Kh2 h5 39. Qe5 Qxe5 40.
Rxe5 a6 41. f5 gxf5 42. Rxf5 Rd3 43. Rf6 Kg7 44. Rxa6 Rxb3 45. Rb6 f6 46. Kg2
Kg6 47. Kf2 Kf5 48. Rc6 Kg4 49. Rxf6 Rb2+ 50. Ke3 Kxg3 51. Rb6 Kxh4 52. Kf4 Kh3
53. Kf3 h4 54. Rb8 Kh2 55. Rb7 h3 56. Rb8 b4 57. Rb7 b3 58. Rb8 Rg2 59. Rb7 b2
60. Rb8 Kg1 0-1

[Event "40th ECC Open 2025"]
[Site "Rhodes GRE"]
[Date "2025.10.25"]
[Round "7.156"]
[White "Raats, Joppe"]
[Black "Willson, Ollie"]
[Result "1-0"]
[WhiteElo "2252"]
[BlackElo "2070"]
[WhiteTeam "De Stukkenjagers"]
[BlackTeam "Sussex Martlets"]
[WhiteFideId "238902"]
[BlackFideId "424714"]
[EventDate "2025.10.19"]

1. e4 c5 2. Nf3 e6 3. d4 cxd4 4. Nxd4 Nc6 5. Nc3 Qc7 6. Be3 a6 7. g4 b5 8. Nxc6
Qxc6 9. Qd2 Nf6 10. f3 Bb7 11. g5 Nh5 12. O-O-O b4 13. Ne2 d5 14. Kb1 dxe4 15.
Nd4 Qc7 16. f4 g6 17. Qf2 Bd6 18. Be2 Bxf4 19. Bxh5 Bxe3 20. Qxe3 gxh5 21. Ne2
Rc8 22. Ng3 Bd5 23. Qd4 Rg8 24. Nxh5 Rxg5 25. Nf6+ Ke7 26. Rhf1 Qxc2+ 27. Ka1
Qc4 28. Nxd5+ Rxd5 29. Qf6+ Kd6 30. Qf4+ Kd7 31. Qxf7+ Kd6 32. Qf4+ Kd7 33. Rc1
Qxc1+ 34. Rxc1 Rxc1+ 35. Qxc1 e3 36. Qe1 Re5 37. Qe2 a5 38. Kb1 h5 39. Qd3+ Ke7
40. Qd4 Kf6 41. Qf4+ Rf5 42. Qh6+ Kf7 43. Qxe3 Kf6 44. Kc2 Rd5 45. Qf4+ Rf5 46.
Qh4+ Kf7 47. Kd3 Re5 48. Kd4 Rd5+ 49. Ke4 Ke8 50. Qf2 Ke7 51. h4 Kd7 52. b3 Ke7
53. Qf4 Kd7 54. Qf8 Rb5 55. Qg7+ Kd6 56. Qf6 Kd7 57. Qd4+ Ke7 58. Qg7+ Kd6 59.
Qh8 Ke7 60. Qb2 Kd6 61. a3 Ke7 62. Qg7+ Kd6 63. Qd4+ Ke7 64. Qc4 Rb7 65. Qc5+ 1-0